[Event "Nuremberg Zabo op 23rd"]
[Site "Nuremberg"]
[Date "2023.09.16"]
[Round "2"]
[White "Sippl, Martin"]
[Black "Wagner, Florian"]
[Result "0-1"]
[WhiteElo "2040"]
[BlackElo "2221"]
[PlyCount "68"]
[EventDate "2023.09.15"]
[EventType "swiss"]
[EventRounds "5"]
[EventCountry "GER"]
[SourceTitle "EXT 2024"]
[Source "ChessBase"]
[SourceDate "2023.10.10"]
[SourceVersion "1"]
[SourceVersionDate "2023.10.10"]
[SourceQuality "1"]

1. e4 c5 2. Nf3 Nc6 3. d4 cxd4 4. Nxd4 g6 5. Nc3 Bg7 6. Be3 Nf6 7. Bc4 d6 8. f3 0-0 9. Qd2 Bd7 10. 0-0-0 Rc8 11. Bb3 Ne5 12. Kb1 Nc4 13. Bxc4 Rxc4 14. g4 b5 15. h4 b4 16. Nce2 Qa5 17. h5 Rfc8 18. hxg6 fxg6 19. Ng3 Nxg4 20. fxg4 Bxg4 21. Qh2 h5 22. Rd2 Qe5 23. Rf1 a5 24. Qg2 a4 25. Bf4 Qc5 26. Nde2 Rxc2 27. e5 Rxd2 28. Bxd2 Qc2+ 29. Ka1 Qxd2 30. Qe4 a3 31. Rb1 Bxe5 32. Qxg6+ Kh8 33. Nd4 axb2+ 34. Rxb2 Rc1+ 0-1

[Event "Mittelfrank Regionalliga Nord-Ost 2223"]
[Site "Mittelfranken"]
[Date "2023.03.19"]
[Round "8.5"]
[White "Schmahl, Stephan"]
[Black "Sippl, Martin"]
[Result "1/2-1/2"]
[WhiteElo "1993"]
[BlackElo "1862"]
[PlyCount "84"]
[EventDate "2022.10.09"]
[EventType "team-tourn"]
[EventRounds "9"]
[EventCountry "GER"]
[SourceTitle "EXT 2024"]
[Source "ChessBase"]
[SourceDate "2023.10.10"]
[SourceVersion "1"]
[SourceVersionDate "2023.10.10"]
[SourceQuality "1"]
[WhiteTeam "Windischeschenbach"]
[BlackTeam "Heng Postbauer"]
[WhiteTeamCountry "GER"]
[BlackTeamCountry "GER"]

1. d4 Nf6 2. c4 d6 3. Nc3 Nbd7 4. e4 e5 5. Nf3 c6 6. Be2 Be7 7. 0-0 Qc7 8. Re1 h6 9. Qc2 Nf8 10. b4 Ng6 11. Rb1 0-0 12. dxe5 dxe5 13. c5 Nh5 14. Nh4 Nxh4 15. Bxh5 Be6 16. Qe2 a5 17. a3 axb4 18. axb4 Qc8 19. Be3 Kh7 20. g3 Ng6 21. Bf3 Re8 22. Ra1 Qc7 23. Na4 Nf8 24. Nb6 Rab8 25. Bg4 Bxg4 26. Qxg4 f6 27. Red1 Red8 28. h4 Rxd1+ 29. Rxd1 Rd8 30. Rxd8 Bxd8 31. h5 Qe7 32. Nc8 Qd7 33. Qxd7 Nxd7 34. Nd6 b5 35. Kf1 Be7 36. Nf5 Bd8 37. Ke2 Kg8 38. Kd3 Kf7 39. Nd6+ Ke6 40. Nf5 Kf7 41. Nd6+ Ke6 42. Nf5 Kf7 1/2-1/2

[Event "Mittelfrank Regionalliga Nord-Ost 2122"]
[Site "Mittelfranken"]
[Date "2022.04.03"]
[Round "7.3"]
[White "Sippl, Martin"]
[Black "Hollmann, Thomas"]
[Result "1/2-1/2"]
[WhiteElo "1919"]
[BlackElo "1857"]
[PlyCount "85"]
[EventDate "2021.10.24"]
[EventType "team-tourn"]
[EventRounds "9"]
[EventCountry "GER"]
[SourceTitle "EXT 2024"]
[Source "ChessBase"]
[SourceDate "2023.10.10"]
[SourceVersion "1"]
[SourceVersionDate "2023.10.10"]
[SourceQuality "1"]
[WhiteTeam "Heng Postbauer"]
[BlackTeam "Buechenbach/Roth"]
[WhiteTeamCountry "GER"]
[BlackTeamCountry "GER"]

1. e4 e6 2. d4 d5 3. Nc3 Nf6 4. Bg5 Bb4 5. e5 h6 6. Bd2 Nfd7 7. Qg4 Bxc3 8. bxc3 Kf8 9. Nf3 c5 10. Bd3 Nc6 11. 0-0 c4 12. Be2 Nb6 13. Nh4 Ne7 14. f4 Qd7 15. Qh3 Qa4 16. Bd1 h5 17. Kh1 Qa3 18. Bc1 Qa5 19. Bd2 Qa3 20. g4 Qb2 21. Rc1 hxg4 22. Bxg4 g6 23. Qg3 Qxa2 24. Ng2 Qa4 25. Ne3 Qe8 26. Bh3 a5 27. Ng4 Ng8 28. Rg1 Qe7 29. Nf2 a4 30. Rb1 Ra6 31. Rb4 a3 32. Ra1 Nh6 33. Bc1 a2 34. Rb2 Nf5 35. Bxf5 exf5 36. Rbxa2 Rxa2 37. Rxa2 Kg7 38. Kg2 Be6 39. Ba3 Qd8 40. Bd6 Nc8 41. Bb4 Ne7 42. Qg5 Nc6 43. Qxd8 1/2-1/2

[Event "Regionalliga Nord-Ost 1819"]
[Site "Bayern"]
[Date "2018.11.11"]
[Round "2.4"]
[White "Fischer, Oliver1111"]
[Black "Sippl, Martin"]
[Result "1-0"]
[WhiteElo "2018"]
[BlackElo "1926"]
[PlyCount "123"]
[EventDate "2018.10.21"]
[EventType "team-tourn"]
[EventRounds "9"]
[EventCountry "GER"]
[SourceTitle "EXT 2022"]
[Source "ChessBase"]
[SourceDate "2021.10.06"]
[SourceVersion "1"]
[SourceVersionDate "2021.10.06"]
[SourceQuality "1"]
[WhiteTeam "Nuernberg Sued SW II"]
[BlackTeam "Postbauer Heng"]
[WhiteTeamCountry "GER"]
[BlackTeamCountry "GER"]

1. d4 Nf6 2. Nf3 d6 3. c4 g6 4. Nc3 Bg7 5. g3 Nbd7 6. Bg2 0-0 7. 0-0 e5 8. e4 Re8 9. h3 c6 10. Be3 Qe7 11. Qc2 exd4 12. Nxd4 Nc5 13. Rfe1 a5 14. f4 Nfd7 15. Rad1 Ra6 16. Bf2 Ne6 17. Nf3 Nec5 18. Nd4 Ne6 19. Nxe6 fxe6 20. Qd2 Bf8 21. g4 Qg7 22. Re2 e5 23. f5 h6 24. Be3 Nf6 25. Rf1 g5 26. Bf3 Kf7 27. Rh2 Nh7 28. Be2 Ra8 29. c5 dxc5 30. Bc4+ Kf6 31. Rd1 Qc7 32. h4 Qg7 33. hxg5+ Nxg5 34. Kg2 Nf7 35. Kf3 Ng5+ 36. Bxg5+ Qxg5 37. Qxg5+ Kxg5 38. Bf7 Re7 39. Rd6 Re6 40. Rxe6 Bxe6 41. Bxe6 Rd8 42. Rh5+ Kf6 43. Ke3 b5 44. g5+ hxg5 45. Rh7 Bg7 46. Ne2 Rh8 47. Rxh8 Bxh8 48. Kf3 Kg7 49. Bd7 Kh6 50. Bxc6 b4 51. Bd5 Kh5 52. Kg3 Bf6 53. Nc1 Be7 54. Nd3 a4 55. Bf7+ Kh6 56. Kg4 Bd6 57. Bc4 Kg7 58. Kxg5 Be7+ 59. Kh5 Kf6 60. Nf2 Kg7 61. Ng4 Bf6 62. Nxf6 1-0

[Event "Nuremberg Zabo op 17th"]
[Site "Nuremberg"]
[Date "2015.09.21"]
[Round "3"]
[White "Weissmann, Peter"]
[Black "Sippl, Martin"]
[Result "1/2-1/2"]
[WhiteElo "1680"]
[BlackElo "1991"]
[PlyCount "120"]
[EventDate "2015.09.21"]
[EventType "swiss"]
[EventRounds "5"]
[EventCountry "GER"]
[SourceTitle "EXT 2018"]
[Source "ChessBase"]
[SourceDate "2017.10.13"]
[SourceVersion "1"]
[SourceVersionDate "2017.10.13"]
[SourceQuality "1"]

1. e4 d6 2. d4 Nf6 3. Nc3 Nbd7 4. g4 e5 5. Bg5 c6 6. h3 Qb6 7. Nge2 Qxb2 8. Rb1 Qa3 9. Rb3 Qa5 10. Bd2 Qc7 11. Be3 g6 12. Bg2 Bg7 13. 0-0 0-0 14. f4 Ne8 15. dxe5 dxe5 16. f5 Nd6 17. Ng3 Nc4 18. Qd3 Nxe3 19. Qxe3 Qd6 20. Kh2 b6 21. g5 f6 22. h4 Nc5 23. Rd1 Qe7 24. Rbb1 Bd7 25. Rf1 Rac8 26. Bh3 Kh8 27. Rf2 Nb7 28. Rbf1 Nd6 29. h5 gxh5 30. Nxh5 Nb5 31. Nxb5 cxb5 32. gxf6 Bxf6 33. Rg2 Be8 34. Nxf6 Qxf6 35. Rfg1 Bf7 36. c3 Rc4 37. Qg3 Rcc8 38. Qg7+ Qxg7 39. Rxg7 Rxc3 40. f6 Bg6 41. Rxa7 Rxf6 42. Bf5 Rf7 43. Ra6 Rc6 44. Bxg6 hxg6 45. Ra8+ Kg7 46. Re8 Rf2+ 47. Kg3 Rxa2 48. Rxe5 b4 49. Rf1 Rc3+ 50. Kf4 Ra5 51. Re6 Rb5 52. Rg1 g5+ 53. Rxg5+ Rxg5 54. Kxg5 Rc5+ 55. e5 b5 56. Rg6+ Kf7 57. Rf6+ Ke7 58. Kf5 b3 59. Re6+ Kf7 60. Rf6+ Ke7 1/2-1/2

[Event "Mittelfranken-chTB1 1112"]
[Site "Germany"]
[Date "2012.02.26"]
[Round "7.4"]
[White "Sippl, Martin"]
[Black "Muenster, Manfred"]
[Result "1-0"]
[WhiteElo "1983"]
[BlackElo "1916"]
[PlyCount "81"]
[EventDate "2011.09.25"]
[EventType "team-tourn"]
[EventRounds "9"]
[EventCountry "GER"]
[SourceTitle "EXT 2018"]
[Source "ChessBase"]
[SourceDate "2017.10.13"]
[SourceVersion "1"]
[SourceVersionDate "2017.10.13"]
[SourceQuality "1"]
[WhiteTeam "Postbauer Heng"]
[BlackTeam "Heilsbronn"]
[WhiteTeamCountry "GER"]
[BlackTeamCountry "GER"]

1. e4 Nc6 2. Nf3 g6 3. d4 Bg7 4. Bc4 d6 5. c3 h6 6. Qe2 a6 7. h3 e5 8. dxe5 dxe5 9. Be3 Qe7 10. Nbd2 Nf6 11. b4 b6 12. 0-0 0-0 13. a4 Rd8 14. a5 b5 15. Bb3 Qe8 16. Rfd1 Be6 17. Bc2 Nd7 18. Ne1 f5 19. f3 f4 20. Bf2 g5 21. Nd3 h5 22. Bb3 Qf7 23. Rab1 Ne7 24. Nc5 Nxc5 25. Bxc5 Ng6 26. Bxe6 Qxe6 27. Bf2 Rf8 28. Nb3 Rf7 29. Nc5 Qf6 30. Nd7 Qe6 31. Nc5 Qf6 32. Rd3 Kh7 33. Nd7 Qc6 34. Nc5 Rg8 35. Rbd1 Rgf8 36. Rd7 g4 37. Kf1 g3 38. Bg1 Ne7 39. Qd3 Bf6 40. Ke2 Kg7 41. Rxc7 1-0

[Event "Mittelfranken-chTB1 1112"]
[Site "Germany"]
[Date "2012.02.05"]
[Round "6.3"]
[White "Sippl, Martin"]
[Black "Hacker, Jonas"]
[Result "1/2-1/2"]
[WhiteElo "1937"]
[BlackElo "1998"]
[PlyCount "87"]
[EventDate "2011.09.25"]
[EventType "team-tourn"]
[EventRounds "9"]
[EventCountry "GER"]
[SourceTitle "EXT 2013"]
[Source "ChessBase"]
[SourceDate "2012.11.22"]
[SourceVersion "1"]
[SourceVersionDate "2012.11.22"]
[SourceQuality "1"]
[WhiteTeam "Heng Postbauer"]
[BlackTeam "Buechenbach/Roth"]
[WhiteTeamCountry "GER"]
[BlackTeamCountry "GER"]

1. e4 c5 2. Nf3 d6 3. d4 cxd4 4. Nxd4 Nf6 5. Nc3 g6 6. Be3 Bg7 7. f3 Nc6 8. Bc4 0-0 9. Qd2 Nd7 10. 0-0-0 Nb6 11. Bb3 Na5 12. Qe2 Nxb3+ 13. cxb3 a5 14. a4 Nd7 15. Ndb5 b6 16. Kb1 Nc5 17. Ka2 Be6 18. Nd5 Rc8 19. h4 Bxd5 20. Rxd5 Na6 21. Rd2 Nb4+ 22. Kb1 Rb8 23. h5 d5 24. hxg6 hxg6 25. g4 e6 26. Qh2 Re8 27. exd5 Nxd5 28. Bf4 Rc8 29. Qh7+ Kf8 30. Bd6+ Re7 31. Re1 Rc5 32. Qh4 Ke8 33. Bxe7 Qxe7 34. Qxe7+ Kxe7 35. Rc2 Rxc2 36. Kxc2 Nb4+ 37. Kb1 Bxb2 38. Re3 Bf6 39. Na3 Bd4 40. Re2 f5 41. gxf5 gxf5 42. Nb5 Bc5 43. Nc7 e5 44. Nb5 1/2-1/2

[Event "Mittelfranken-chTB1 1112"]
[Site "Germany"]
[Date "2011.12.11"]
[Round "4.4"]
[White "Sippl, Martin"]
[Black "Nuding, Matthias"]
[Result "1-0"]
[WhiteElo "1937"]
[BlackElo "2099"]
[PlyCount "87"]
[EventDate "2011.09.25"]
[EventType "team-tourn"]
[EventRounds "9"]
[EventCountry "GER"]
[SourceTitle "EXT 2013"]
[Source "ChessBase"]
[SourceDate "2012.11.22"]
[SourceVersion "1"]
[SourceVersionDate "2012.11.22"]
[SourceQuality "1"]
[WhiteTeam "Heng Postbauer"]
[BlackTeam "Nuernberg NT III"]
[WhiteTeamCountry "GER"]
[BlackTeamCountry "GER"]

1. e4 c6 2. Nf3 d5 3. exd5 cxd5 4. Ne5 Nf6 5. d4 Nc6 6. Bb5 Qb6 7. Nc3 e6 8. 0-0 Be7 9. Re1 a6 10. Bxc6+ bxc6 11. Re3 Bd7 12. Rg3 Rg8 13. Bg5 Rd8 14. Bxf6 Bxf6 15. Qh5 g6 16. Qxh7 Rg7 17. Qh6 Qxd4 18. Ng4 Be5 19. Nxe5 Qxe5 20. Re3 Qf6 21. Rf3 Qe5 22. Re3 Qf6 23. Rf3 Qe5 24. Qh8+ Ke7 25. Rxf7+ Kxf7 26. Qxd8 Be8 27. Rd1 Rh7 28. h3 Kf8 29. Qb6 g5 30. Qc5+ Kg8 31. Rd3 Rg7 32. Re3 Qb8 33. Rxe6 Bf7 34. Rxc6 Qxb2 35. Kh2 g4 36. Rc8+ Kh7 37. Qf8 Qb6 38. hxg4 Kg6 39. Qc5 Qf6 40. Rc6 Be6 41. Qe3 Rh7+ 42. Kg1 Re7 43. Nxd5 Qa1+ 44. Kh2 1-0

[Event "Mittelfranken-chTB1 1112"]
[Site "Germany"]
[Date "2011.10.23"]
[Round "2.5"]
[White "Sikorsky, Horst"]
[Black "Sippl, Martin"]
[Result "0-1"]
[WhiteElo "1979"]
[BlackElo "1937"]
[PlyCount "60"]
[EventDate "2011.09.25"]
[EventType "team-tourn"]
[EventRounds "9"]
[EventCountry "GER"]
[SourceTitle "EXT 2013"]
[Source "ChessBase"]
[SourceDate "2012.11.22"]
[SourceVersion "1"]
[SourceVersionDate "2012.11.22"]
[SourceQuality "1"]
[WhiteTeam "Gunzenhausen"]
[BlackTeam "Heng Postbauer"]
[WhiteTeamCountry "GER"]
[BlackTeamCountry "GER"]

1. e4 c5 2. Nf3 Nc6 3. Bb5 g6 4. 0-0 Bg7 5. Re1 Nf6 6. Nc3 0-0 7. d3 Nd4 8. Bc4 d6 9. e5 Ne8 10. Bf4 Bg4 11. Bd5 e6 12. h3 Bxf3 13. Bxf3 d5 14. g4 Qb6 15. Rb1 Nc7 16. Bg2 Na6 17. Ne2 Nc6 18. Ng3 Nab8 19. c4 dxc4 20. dxc4 Rd8 21. Qc1 Nb4 22. Bg5 Rd4 23. Re2 Nxa2 24. Qe3 Nd7 25. Ra1 Nb4 26. f4 Rxc4 27. Ne4 Rd4 28. Be7 Nd5 29. Nf6+ Bxf6 30. Bxd5 Bxe7 0-1

[Event "Mittelfranken-chTB1 1011"]
[Site "Germany"]
[Date "2011.03.13"]
[Round "7.4"]
[White "Sippl, Martin"]
[Black "Thiele, Heinz"]
[Result "1/2-1/2"]
[WhiteElo "1972"]
[BlackElo "2007"]
[PlyCount "111"]
[EventDate "2010.09.26"]
[EventType "team-tourn"]
[EventRounds "9"]
[EventCountry "GER"]
[SourceTitle "EXT 2012"]
[Source "ChessBase"]
[SourceDate "2011.11.24"]
[SourceVersion "1"]
[SourceVersionDate "2011.11.24"]
[SourceQuality "1"]
[WhiteTeam "Postbauer Heng"]
[BlackTeam "Fuerth"]
[WhiteTeamCountry "GER"]
[BlackTeamCountry "GER"]

1. e4 g6 2. d4 Bg7 3. c4 d6 4. Nc3 Nf6 5. h3 0-0 6. Nf3 Nc6 7. Be3 e5 8. d5 Ne7 9. g4 c6 10. Bd3 cxd5 11. cxd5 a6 12. Nd2 Nd7 13. f3 Nc5 14. Bc2 b5 15. Kf2 f5 16. Kg2 Bd7 17. b4 Nb7 18. Bd3 Rc8 19. Rc1 Qe8 20. Qe2 Nd8 21. Nb3 Nf7 22. Qd2 h5 23. Be2 hxg4 24. hxg4 Rc7 25. Na5 Qb8 26. Qe1 f4 27. Qh4 Re8 28. Bd2 Kf8 29. Nb3 Rec8 30. Bd3 g5 31. Qh5 Be8 32. Ne2 Rxc1 33. Rxc1 Rxc1 34. Nbxc1 Qb6 35. Nb3 Qd8 36. Ng1 Nc8 37. Na5 Nh8 38. Qh2 Na7 39. Kf1 Ng6 40. Qf2 Nc8 41. Nh3 Bf6 42. Ke2 Qc7 43. Qf1 Qh7 44. Nf2 Bd8 45. Nb3 Nb6 46. Qh1 Nh4 47. Qc1 Qa7 48. Na5 Ke7 49. Nh3 Kf6 50. Nc6 Qc7 51. Nxd8 Qxd8 52. Be1 Ng6 53. Nf2 Bd7 54. Bd2 Qc8 55. Qxc8 Bxc8 56. Nd1 1/2-1/2

[Event "Mittelfranken-chTB1 1011"]
[Site "Germany"]
[Date "2010.10.17"]
[Round "2.5"]
[White "Muenster, Manfred"]
[Black "Sippl, Martin"]
[Result "0-1"]
[WhiteElo "1920"]
[BlackElo "1972"]
[PlyCount "90"]
[EventDate "2010.09.26"]
[EventType "team-tourn"]
[EventRounds "9"]
[EventCountry "GER"]
[SourceTitle "EXT 2012"]
[Source "ChessBase"]
[SourceDate "2011.11.24"]
[SourceVersion "1"]
[SourceVersionDate "2011.11.24"]
[SourceQuality "1"]
[WhiteTeam "Heilsbronn"]
[BlackTeam "Postbauer Heng"]
[WhiteTeamCountry "GER"]
[BlackTeamCountry "GER"]

1. Nc3 Nf6 2. Nf3 c5 3. d4 cxd4 4. Nxd4 d6 5. g3 a6 6. Bg2 Nbd7 7. 0-0 Qc7 8. a4 g6 9. Nb3 Bg7 10. a5 0-0 11. Na4 Ng4 12. f4 e6 13. h3 Nh6 14. e4 f5 15. g4 Rb8 16. Be3 Kh8 17. exf5 gxf5 18. Nd4 Nc5 19. Nb6 d5 20. c3 Ne4 21. g5 Nf7 22. h4 Nfd6 23. h5 h6 24. Ne2 Qe7 25. g6 Qh4 26. Bf3 Qe7 27. Qe1 Bd7 28. Nd4 Bb5 29. Nxb5 Nxb5 30. Rd1 Bf6 31. Bxe4 fxe4 32. Qg3 Rbd8 33. f5 Kg7 34. Rd2 d4 35. cxd4 Nxd4 36. fxe6 Nf3+ 37. Rxf3 Rxd2 38. Rxf6 Rd1+ 39. Kh2 Rxf6 40. Nc4 Qxe6 41. Ne5 Qf5 42. Bxh6+ Kxh6 43. Ng4+ Qxg4 44. Qxg4 Rf2+ 45. Kg3 Rg1+ 0-1